000 00591nam a2200157 a 4500
001 000031080
005 20200930062707.0
008 110613s2008 dr ac 000 0 spa d
040 _aDO-SdBNP
_bspa
_cBNPHU
082 _axxxx
_bR426r
110 1 _aRepública Dominican.
_bPresidencia de la República,
_bSecretaría de Estado de Administración Pública
_957556
245 1 0 _aRendición de cuentas :
_binforme de gestión 2004-2008.
260 _aSanto Domingo :
_bSecretaría de Estado de Administración Pública (SEAP),
_c[2008].
300 _a47 p. :
_bil., retrs. ;
_c29 cm.
049 _aBNPD
999 _c30572
_d30572